Contabilidad : aplicaciones básicas comentadas /
Guardado en:
| Otros Autores: | |
|---|---|
| Formato: | Libro |
| Idioma: | Spanish |
| Publicado: |
Buenos Aires :
Temas,
c2009.
|
| Materias: | |
| Etiquetas: |
Agregar Etiqueta
Sin Etiquetas, Sea el primero en etiquetar este registro!
|
| LEADER | 00574nam a22001695a 4500 | ||
|---|---|---|---|
| 001 | EAD.ead004775 | ||
| 008 | 250923s2009####ag#######b####000#0#spa#d | ||
| 005 | 20250930152210.0 | ||
| 245 | 0 | 0 | |a Contabilidad : |b aplicaciones básicas comentadas / |c Ricardo J. M. Pahlen Acuña ... [et al.]. |
| 260 | |a Buenos Aires : |b Temas, |c c2009. | ||
| 300 | |a 341 p. ; |c 23 cm. | ||
| 020 | |z 9879164997 | ||
| 700 | 1 | |a Pahlen Acuña, Ricardo J. M. | |
| 082 | 0 | 4 | |a 657 |2 21 |
| 650 | 7 | |a Contabilidad. |2 unbist | |
| 653 | |a Aplicaciones básicas | ||
| 859 | |a AR-BaBDC |b BIB. ADMINISTRACION - Libros |h 657 |i P151-5a3 |p b07468 | ||
